000 00737nam a2200265 u 4500
001 000020784
003 DO-SdBNP
005 20250130094644.0
007 ta
008 100802s2015 dr r 000 0 spa d
020 _a9789945588583
040 _aDO-SdBNP
_bspa
_cBNPHU
_erda
041 _hspa
082 _axxx
_bR175m
_222
100 1 _aRamos, Bladimir
_eautor
_943558
245 1 0 _aMañana pídeme lo que quieras. /
_cBladimir Ramos
264 _aSanto Domingo :
_bMinisterio de Cultura,
_c2015.
300 _a113 páginas ;
_c24 cm
336 _ardacontent
_btexto
_2txt
337 _ardamedia
_bsin mediación
_2n
338 _ardacarrier
_bvolumen
_2nc
590 _aInventariado, 2025/DG
910 _aDG
942 _2ddc
_cLBS1
999 _c20288
_d20288